| 000 | 01193nam a22003377a 4500 | ||
|---|---|---|---|
| 003 | CHAP | ||
| 005 | 20220329134548.0 | ||
| 008 | 971013s1984 r 00010 d | ||
| 010 | _a22247 | ||
| 011 | _a23219 | ||
| 035 | _a27314 | ||
| 040 | _cCHAP | ||
| 090 | _aTesis | ||
| 100 | 0 | 0 |
_aColunga García-Marín, Silvia Patricia. _925491 |
| 245 | _aVariación morfológica, manejo agrícola y gradod de domesticación de Opuntia spp. en el Bajío guanajuatense | ||
| 260 |
_aChapingo, Méx. : _bEl autor, _c1984 |
||
| 300 |
_a204 p. _b: ilus. ; mapas ; gráfs. |
||
| 502 | _aTesis (Maestro en Ciencias Esp. en Botánica) -- CP. Centro de Botánica | ||
| 590 |
_aALEPH _b10 _c20130110 _lUCH01 _h1246 |
||
| 590 |
_aBATCH-UPD _b10 _c20130110 _lUCH01 _h1115 |
||
| 590 |
_aBATCH-UPD _b10 _c20130410 _lUCH01 _h0706 |
||
| 590 |
_aBATCH-UPD _b10 _c20130914 _lUCH01 _h1841 |
||
| 590 |
_aCONVERSION _b10 _c20130109 _lUCH01 _h1313 |
||
| 650 | 1 | 4 |
_aNopal. _981647 |
| 650 | 1 | 4 |
_aNopal _xFisiología y morfología. _981671 |
| 901 | _aBK | ||
| 942 | _cFOLL | ||
| 949 |
_bBC _cTES _d-63260 _eTS1 _i27314 _si |
||
| 949 |
_bBC _cTES _d-63262 _eTS2 _fc.3 _i27314 _si |
||
| 949 |
_bBC _cTES _d33724000981924 _eTS2 _fc.2 _i27314 _si |
||
| 999 |
_c22247 _d22247 |
||